00988nam a2200277 i 4500001000300000100002100003245006900024246003500093260006400128300002600192490004300218500004200261504003400303650002300337650002300360655003000383700003100413830004300444015001800487020001500505040000800520041001300528080003000541008004100571856009800612bg1 aHIRVENSALO, Mika10aAlgorytmy kwantowe /cMika Hirvensalo ; tł. Paweł Zabierowski. iTyt. oryg.:aQuantum computing aWarszawa :bWydawnictwa Szkolne i Pedagogiczne,ccop. 2004. a243, [1] s. ;c24 cm.1 aIdee, Metody i Narzędzia Informatyki aTyt. oryg.: "Quantum computing" 2003. aBibliogr. s. 233-239. Indeks. 9aAlgorytmy kwantowe 9aKomputery kwantowe aPodręczniki akademickie1 aZABIEROWSKI, Paweł.eTł. aIdee, Metody i Narzędzia Informatyki aPB 10077/2004 a8302091553 cBPK1 apolheng a510.5:530.145:004](075.8) s pl f |000 0 pol  uhttp://koha.tu.koszalin.pl/cgi-bin/koha/opac-detail.pl?biblionumber=46552yKatalog online BPK